Lyrics Rihanna - Stay - Statistics

General Stats
  • This quiz has been taken 4,869 times
  • The average score is 30 of 33
Answer Stats
Answer % Correct
I want you to {stay}
98%
I want you to {stay}, oooh......
98%
Round and {around} and {around} and {around} we go
98%
Something in the {way} you move
98%
I threw my {hands} in the air,
97%
Makes me feel like I can't {live} without you.
97%
Makes me feel like I can't live {without} you.
97%
Not really sure how to {feel} about it.
97%
Oh now, {tell} me now, {tell} me now, {tell} me now you know.
97%
It's not just something you {take}.. it's given
96%
It takes me {all} the way.
96%
I {want} you to stay
96%
Not {really} sure how to feel about it.
96%
Oh now, tell me {now}, tell me {now}, tell me {now} you know.
96%
{Something} in the way you move.
96%
It {takes} me all the way.
95%
I want {you} to stay... stay...
94%
{Makes} me feel like I can't live without you.
94%
Not really sure {how} to feel about it.
94%
Round and around and around and around we {go}
94%
Something in the way you {move}
94%
It takes {me} all the way.
93%
It's not much of a {life} you're living
92%
A {cold} sweat hot-headed believer
91%
All along it was a {fever}
91%
I said.. {Show} me something..
90%
He said.. If you {dare}, come a little closer....
89%
'Cause when you never {see} the light
88%
But I'm the only one who needed {saving}
86%
Funny you're the {broken} one
85%
Ooh, ooh, ooh, the {reason} I hold on
81%
It's hard to know which one of us is {caving}
72%
Ooh, ooh, ooh, 'cause I need this {hole} gone
67%
No matching quizzes found
Score Distribution
Percent of People with Each Score
Percentile by Number Answered
Your Score History
You have not taken this quiz